[Event "chess.com SpeedChess 2023"]
[Site "chess.com INT"]
[Date "2023.09.15"]
[Round "2.24"]
[White "Nepomniachtchi, Ian"]
[Black "Carlsen, Magnus"]
[Result "0-1"]
[WhiteTitle "GM"]
[BlackTitle "GM"]
[WhiteElo "2771"]
[BlackElo "2839"]
[WhiteFideId "4168119"]
[BlackFideId "1503014"]
[EventDate "2023.09.04"]
[EventType "k.o."]

1. Nf3 d5 2. g3 g6 3. Bg2 Bg7 4. O-O e5 5. d3 Ne7 6. e4 dxe4 7. dxe4 Qxd1 8.
Rxd1 Nbc6 9. c3 Be6 10. Na3 f6 11. Nb5 Rc8 12. Be3 a6 13. Na3 Kf7 14. Nd2 Rhd8
15. Bf1 Rd7 16. Nb3 Rxd1 17. Rxd1 Rd8 18. Rxd8 Nxd8 19. Nc2 Bf8 20. f3 Nc8 21.
Kf2 Nd6 22. Bc1 Nc4 23. Ne3 Nb6 24. c4 Na4 25. Nd5 c6 26. Nc3 Nxc3 27. bxc3 c5
28. Na1 b6 29. Nc2 Nb7 30. Be3 Nd6 31. Na3 f5 32. exf5 gxf5 33. Bd3 h5 34. f4
Bg7 35. fxe5 Bxe5 36. Bf4 Kf6 37. Ke3 Nf7 38. Be2 Bxc3 39. Bxh5 Bb2 40. Nb1 Bxc4
41. Bc7 Bxa2 42. Nd2 Bd4+ 43. Ke2 b5 44. Nf3 Bc3 45. Bb6 Bc4+ 46. Ke3 Bb4 47. h3
Bd5 48. Ne1 c4 49. Nc2 Bd6 50. g4 f4+ 51. Kf2 Ng5 52. Bd8+ Be7 53. Bxe7+ Kxe7
54. h4 Ne4+ 55. Ke1 f3 56. g5 f2+ 57. Ke2 Ng3+ 58. Kxf2 Nxh5 59. Ne3 Be6 60. Ke2
b4 61. Kd2 a5 62. Nc2 c3+ 63. Ke3 b3 64. Nd4 b2 0-1

[Event "chess.com SpeedChess 2023"]
[Site "chess.com INT"]
[Date "2023.09.15"]
[Round "2.25"]
[White "Carlsen, Magnus"]
[Black "Nepomniachtchi, Ian"]
[Result "0-1"]
[WhiteTitle "GM"]
[BlackTitle "GM"]
[WhiteElo "2839"]
[BlackElo "2771"]
[WhiteFideId "1503014"]
[BlackFideId "4168119"]
[EventDate "2023.09.04"]
[EventType "k.o."]

1. Nf3 g6 2. g3 Bg7 3. Bg2 e5 4. d3 Ne7 5. O-O O-O 6. c4 d5 7. cxd5 Nxd5 8. Nc3
c6 9. Bg5 f6 10. Bd2 Be6 11. b4 a6 12. Qb1 Nd7 13. a4 Qe7 14. Ne4 h6 15. Nc5
Nxc5 16. bxc5 Rad8 17. e4 Nc7 18. Qxb7 Rxd3 19. Ba5 Rf7 20. Qxa6 Nxa6 0-1

[Event "chess.com SpeedChess 2023"]
[Site "chess.com INT"]
[Date "2023.09.15"]
[Round "2.26"]
[White "Nepomniachtchi, Ian"]
[Black "Carlsen, Magnus"]
[Result "1/2-1/2"]
[WhiteTitle "GM"]
[BlackTitle "GM"]
[WhiteElo "2771"]
[BlackElo "2839"]
[WhiteFideId "4168119"]
[BlackFideId "1503014"]
[EventDate "2023.09.04"]
[EventType "k.o."]

1. d4 d5 2. c4 e6 3. Nc3 Nf6 4. Bg5 Be7 5. Nf3 h6 6. Bxf6 Bxf6 7. e3 O-O 8. Qc2
dxc4 9. Bxc4 c5 10. dxc5 Qa5 11. O-O Bxc3 12. Qxc3 Qxc3 13. bxc3 Nd7 14. c6 bxc6
15. Rab1 Nb6 16. Be2 Rd8 17. Nd4 Bd7 18. Rfc1 c5 19. Nb3 Rac8 20. Ba6 Rc7 21.
Na5 Ba4 22. Rb2 Rcd7 23. f3 Rd1+ 24. Rxd1 Rxd1+ 25. Kf2 Rc1 26. c4 Kf8 27. Bb5
Bxb5 28. Rxb5 Rc2+ 29. Kg3 Rxa2 30. Rxc5 Ke7 31. Rc7+ Kd6 32. Rxa7 Ra4 33. Ra6
Kc7 34. Ra7+ Kc8 35. c5 Nc4 36. Nc6 Rxa7 37. Nxa7+ Kb7 38. Nb5 Kc6 39. Nd6 Nxd6
40. cxd6 Kxd6 41. Kf2 Kd5 42. Ke2 Kc4 43. Kd2 e5 44. Kc2 f5 45. Kd2 e4 46. Kc2
g5 47. fxe4 fxe4 48. g4 Kb4 49. Kb2 Kc4 50. Kc2 Kb4 51. Kb2 Kc4 52. Kc2 1/2-1/2

[Event "chess.com SpeedChess 2023"]
[Site "chess.com INT"]
[Date "2023.09.15"]
[Round "2.27"]
[White "Carlsen, Magnus"]
[Black "Nepomniachtchi, Ian"]
[Result "0-1"]
[WhiteTitle "GM"]
[BlackTitle "GM"]
[WhiteElo "2839"]
[BlackElo "2771"]
[WhiteFideId "1503014"]
[BlackFideId "4168119"]
[EventDate "2023.09.04"]
[EventType "k.o."]

1. e4 b6 2. d4 Bb7 3. Bd3 f5 4. exf5 Bxg2 5. Qh5+ g6 6. fxg6 Bg7 7. gxh7+ Kf8 8.
Ne2 Nf6 9. Qg5 Bxh1 10. Nf4 Nc6 11. Ng6+ Kf7 12. Nxh8+ Qxh8 13. Qg6+ Kf8 14. Bh6
Qxh7 0-1

[Event "chess.com SpeedChess 2023"]
[Site "chess.com INT"]
[Date "2023.09.15"]
[Round "2.28"]
[White "Nepomniachtchi, Ian"]
[Black "Carlsen, Magnus"]
[Result "0-1"]
[WhiteTitle "GM"]
[BlackTitle "GM"]
[WhiteElo "2771"]
[BlackElo "2839"]
[WhiteFideId "4168119"]
[BlackFideId "1503014"]
[EventDate "2023.09.04"]
[EventType "k.o."]

1. e4 Nf6 2. e5 Ng8 3. d4 d6 4. Nf3 c6 5. Nc3 Bg4 6. Be2 Nd7 7. exd6 exd6 8. O-O
Ngf6 9. h3 Bxf3 10. Bxf3 d5 11. Re1+ Be7 12. Bf4 Nf8 13. Qd3 Ne6 14. Be5 O-O 15.
Ne2 Bd6 16. Ng3 Bxe5 17. dxe5 Nd7 18. Nf5 g6 19. Nh6+ Kg7 20. Ng4 h5 21. Ne3
Nxe5 22. Nf5+ Kf6 23. Rxe5 Kxe5 24. Re1+ Kf6 25. Nd4 Re8 26. Qc3 Qb6 27. Rxe6+
fxe6 28. Qe3 e5 0-1

[Event "chess.com SpeedChess 2023"]
[Site "chess.com INT"]
[Date "2023.09.15"]
[Round "2.29"]
[White "Carlsen, Magnus"]
[Black "Nepomniachtchi, Ian"]
[Result "1-0"]
[WhiteTitle "GM"]
[BlackTitle "GM"]
[WhiteElo "2839"]
[BlackElo "2771"]
[WhiteFideId "1503014"]
[BlackFideId "4168119"]
[EventDate "2023.09.04"]
[EventType "k.o."]

1. e4 Nf6 2. e5 Nd5 3. c4 Nb4 4. d4 d6 5. a3 N4c6 6. exd6 cxd6 7. Nc3 g6 8. d5
Ne5 9. h4 h5 10. Nf3 Nbd7 11. Be2 Bg7 12. Ng5 Nb6 13. b3 Nexc4 14. bxc4 Bxc3+
15. Bd2 Bg7 16. Rc1 Bf5 17. a4 Rc8 18. a5 Nd7 19. O-O O-O 20. Re1 Ne5 21. Qb3
Qd7 22. Be3 b6 23. axb6 axb6 24. Bxb6 Rb8 25. Qe3 Rfc8 26. Bd4 Rb4 27. f4 Ng4
28. Bxg4 Bxd4 29. Qxd4 hxg4 30. Ne4 Qc7 31. Nd2 Ra8 32. Ra1 Rba4 33. Rxa4 Rxa4
34. Kh2 Ra2 35. Nf1 e6 36. dxe6 Bxe6 37. f5 gxf5 38. Ng3 Ra3 39. Nh5 Kf8 40. Qf6
d5+ 41. Kh1 d4 42. Ng7 Bd7 43. Nxf5 Be6 44. Qh8# 1-0

[Event "chess.com SpeedChess 2023"]
[Site "chess.com INT"]
[Date "2023.09.15"]
[Round "2.30"]
[White "Nepomniachtchi, Ian"]
[Black "Carlsen, Magnus"]
[Result "0-1"]
[WhiteTitle "GM"]
[BlackTitle "GM"]
[WhiteElo "2771"]
[BlackElo "2839"]
[WhiteFideId "4168119"]
[BlackFideId "1503014"]
[EventDate "2023.09.04"]
[EventType "k.o."]

1. b3 g6 2. Bb2 Nf6 3. g4 Bg7 4. g5 Nh5 5. Bxg7 Nxg7 6. Nf3 h6 7. gxh6 Rxh6 8.
Nc3 d6 9. Bg2 Bh3 10. Bxh3 Rxh3 11. d4 Nd7 12. Qd3 Nf6 13. Qb5+ Kf8 14. Qxb7 Nf5
15. O-O-O Kg7 16. Rdg1 c6 17. Qa6 Rc8 18. Qd3 e6 19. Ne4 Nxe4 20. Qxe4 Qf6 21.
Qg4 Rch8 22. Qf4 c5 23. dxc5 dxc5 24. Kb1 Nd4 25. Qxf6+ Kxf6 26. Nxd4 cxd4 27.
Rg2 e5 28. f3 Kf5 29. Kc1 Kf4 30. Kd2 g5 31. b4 f5 32. a4 Rc8 33. Rhg1 Rh7 34.
Rb1 Rc4 35. a5 Rb7 36. b5 Rc5 37. c4 dxc3+ 38. Kc2 Rcxb5 39. Rxb5 Rxb5 40. a6
Ra5 41. Kxc3 Rxa6 42. Rg1 Ra2 43. Kd3 e4+ 44. fxe4 fxe4+ 45. Kd4 Rd2+ 46. Kc3
Rxe2 0-1

[Event "chess.com SpeedChess 2023"]
[Site "chess.com INT"]
[Date "2023.09.15"]
[Round "2.1"]
[White "Nihal, Sarin"]
[Black "Vachier-Lagrave, Maxime"]
[Result "1-0"]
[WhiteTitle "GM"]
[BlackTitle "GM"]
[WhiteElo "2694"]
[BlackElo "2727"]
[WhiteFideId "25092340"]
[BlackFideId "623539"]
[EventDate "2023.09.04"]
[EventType "k.o."]

1. Nf3 d5 2. d4 Nf6 3. c3 Bf5 4. Qb3 Qc8 5. c4 e6 6. cxd5 exd5 7. Nc3 c6 8. Bf4
Be7 9. e3 O-O 10. h3 a5 11. Be2 b5 12. O-O a4 13. Qd1 Nbd7 14. Rc1 Qb7 15. Nh4
Be6 16. Bd3 Nb6 17. Nf5 Bxf5 18. Bxf5 Rfe8 19. Bd3 Qd7 20. b3 axb3 21. axb3 Bd6
22. Bxd6 Qxd6 23. Bxb5 cxb5 24. Nxb5 Qb4 25. Nc7 Nbd7 26. Nxe8 Rxe8 27. Rc7 Nf8
28. Qc2 Rb8 29. Ra1 Ne4 30. g3 g6 31. Raa7 Ne6 32. Rxf7 N4g5 33. Rf6 Rf8 34.
Rxf8+ Qxf8 35. h4 Ne4 36. Rd7 Qf5 37. Ra7 Qf3 38. b4 g5 39. hxg5 N4xg5 40. b5
Nh3+ 41. Kf1 Nhg5 42. b6 Qh1+ 43. Ke2 Qh5+ 44. Kd2 Ne4+ 45. Kc1 Qh1+ 46. Kb2 Qe1
47. b7 Qb4+ 48. Ka2 Nf8 49. Qb3 Nc3+ 50. Kb2 Nd1+ 51. Kc2 1-0

[Event "chess.com SpeedChess 2023"]
[Site "chess.com INT"]
[Date "2023.09.15"]
[Round "2.2"]
[White "Vachier-Lagrave, Maxime"]
[Black "Nihal, Sarin"]
[Result "1-0"]
[WhiteTitle "GM"]
[BlackTitle "GM"]
[WhiteElo "2727"]
[BlackElo "2694"]
[WhiteFideId "623539"]
[BlackFideId "25092340"]
[EventDate "2023.09.04"]
[EventType "k.o."]

1. e4 e5 2. Nf3 Nf6 3. Nxe5 d6 4. Nf3 Nxe4 5. Nc3 Nxc3 6. dxc3 Be7 7. Be3 O-O 8.
Qd2 Nd7 9. O-O-O c6 10. h4 d5 11. Kb1 Re8 12. h5 h6 13. Nd4 Nc5 14. f3 Bg5 15.
Bxg5 Qxg5 16. Qxg5 hxg5 17. Kc1 Bd7 18. Kd2 Rad8 19. Bd3 Nxd3 20. cxd3 c5 21.
Ne2 f6 22. Rde1 Kf7 23. f4 gxf4 24. Nxf4 Rxe1 25. Rxe1 Bc6 26. d4 cxd4 27. cxd4
Re8 28. Rxe8 Kxe8 29. Ke3 Ke7 30. g4 Kd6 31. Kf3 Be8 32. Ng2 g5 33. Ne3 Bf7 34.
Nf5+ Kd7 35. Ke2 Bg8 36. Ne3 Kd6 37. Kd2 Bh7 38. Kc3 Ke6 39. h6 a5 40. b4 b6 41.
bxa5 bxa5 42. Kb3 Be4 43. Ka4 Kf7 44. Kxa5 Kg6 45. Kb4 Kxh6 46. a4 Kg6 47. a5
Bd3 48. Kc5 Kf7 49. Kxd5 Ke7 50. Kc5 Ke6 51. d5+ Ke5 52. d6 Ke6 53. Kc6 1-0

[Event "chess.com SpeedChess 2023"]
[Site "chess.com INT"]
[Date "2023.09.15"]
[Round "2.3"]
[White "Nihal, Sarin"]
[Black "Vachier-Lagrave, Maxime"]
[Result "1-0"]
[WhiteTitle "GM"]
[BlackTitle "GM"]
[WhiteElo "2694"]
[BlackElo "2727"]
[WhiteFideId "25092340"]
[BlackFideId "623539"]
[EventDate "2023.09.04"]
[EventType "k.o."]

1. d4 Nf6 2. Nf3 g6 3. Nc3 d5 4. Bf4 Bg7 5. Nb5 Na6 6. e3 O-O 7. h3 Ne4 8. c3 c6
9. Na3 Nc7 10. Be2 b6 11. O-O Bb7 12. Nb1 c5 13. Nbd2 Nd6 14. a4 a5 15. Re1 h6
16. Bd3 Qc8 17. Ne5 Re8 18. Qf3 Ne6 19. Bh2 Ng5 20. Qe2 Ba6 21. Bxa6 Qxa6 22.
Qxa6 Rxa6 23. Nd3 Nb7 24. Kf1 Rc8 25. Ke2 e6 26. h4 Nh7 27. g4 Nf6 28. g5 hxg5
29. hxg5 Nd7 30. Nf3 Nd8 31. Nfe5 Nxe5 32. Nxe5 Ra7 33. Rh1 Kf8 34. Ng4 Ke7 35.
Bf4 Nc6 36. Rh7 Rg8 37. Rah1 Raa8 38. Bc7 Ra6 39. Rxg7 Rxg7 40. Nf6 Ra8 41. Bxb6 1-0

[Event "chess.com SpeedChess 2023"]
[Site "chess.com INT"]
[Date "2023.09.15"]
[Round "2.4"]
[White "Vachier-Lagrave, Maxime"]
[Black "Nihal, Sarin"]
[Result "1-0"]
[WhiteTitle "GM"]
[BlackTitle "GM"]
[WhiteElo "2727"]
[BlackElo "2694"]
[WhiteFideId "623539"]
[BlackFideId "25092340"]
[EventDate "2023.09.04"]
[EventType "k.o."]

1. e4 e5 2. Nf3 Nf6 3. Nxe5 d6 4. Nf3 Nxe4 5. d4 d5 6. Bd3 Be7 7. O-O O-O 8. c4
Nc6 9. cxd5 Qxd5 10. Re1 Bf5 11. Bf4 Bb4 12. Re3 Rad8 13. Qe2 Nxd4 14. Nxd4 Qxd4
15. Bxe4 Bxe4 16. Nc3 Bc6 17. Bxc7 Rde8 18. Be5 Qd7 19. Rd1 Qf5 20. h3 Re6 21.
Bd4 Bxc3 22. bxc3 Rg6 23. Rg3 Rxg3 24. fxg3 Re8 25. Qf2 Qb5 26. Bxa7 h6 27. Be3
Qc4 28. Qd2 Ra8 29. Ra1 Re8 30. Re1 Ra8 31. Re2 Re8 32. Rf2 Re6 33. Bd4 Qd5 34.
Kh2 Qe4 35. Qf4 Qxf4 36. gxf4 Re8 37. f5 f6 38. g4 Kf7 39. Kg3 Re1 40. Rb2 Rd1
41. Kh4 Rd3 42. a4 g5+ 43. fxg6+ Kxg6 44. a5 Be4 45. Re2 Bd5 46. Rf2 Rf3 47. Rb2
Rd3 48. Rb6 Rf3 49. Rd6 Be4 50. c4 1-0

[Event "chess.com SpeedChess 2023"]
[Site "chess.com INT"]
[Date "2023.09.15"]
[Round "2.5"]
[White "Nihal, Sarin"]
[Black "Vachier-Lagrave, Maxime"]
[Result "0-1"]
[WhiteTitle "GM"]
[BlackTitle "GM"]
[WhiteElo "2694"]
[BlackElo "2727"]
[WhiteFideId "25092340"]
[BlackFideId "623539"]
[EventDate "2023.09.04"]
[EventType "k.o."]

1. d4 d5 2. Nf3 Nf6 3. c3 Bf5 4. Qb3 Qc8 5. c4 e6 6. cxd5 exd5 7. Nc3 c6 8. Bf4
Be7 9. e3 O-O 10. h3 a5 11. Rc1 Na6 12. a3 Re8 13. Be2 Bd8 14. O-O Bc7 15. Bxa6
Rxa6 16. Bxc7 Qxc7 17. Nxd5 Nxd5 18. Qxd5 Be4 19. Qc5 Bxf3 20. gxf3 Re6 21. f4
Qd7 22. Kh2 Rh6 23. f5 Rd6 24. Qe5 Ra8 25. Rg1 f6 26. Qf4 Rd5 27. Rc5 Rxc5 28.
dxc5 Re8 29. b4 a4 30. Rg4 Re5 31. Qd4 Qc7 32. Kg2 Rxf5 33. Qd1 h5 34. Rg3 Qf7
35. e4 Re5 36. Qd4 Kh7 37. Kf1 Qe6 38. Re3 Qa2 39. Qd1 Rg5 40. e5 fxe5 41. Qd3+
Kh6 42. Qd6+ Rg6 43. Qxe5 Qb1+ 44. Ke2 Qc2+ 45. Ke1 Rg1# 0-1

[Event "chess.com SpeedChess 2023"]
[Site "chess.com INT"]
[Date "2023.09.15"]
[Round "2.6"]
[White "Vachier-Lagrave, Maxime"]
[Black "Nihal, Sarin"]
[Result "1-0"]
[WhiteTitle "GM"]
[BlackTitle "GM"]
[WhiteElo "2727"]
[BlackElo "2694"]
[WhiteFideId "623539"]
[BlackFideId "25092340"]
[EventDate "2023.09.04"]
[EventType "k.o."]

1. e4 c6 2. d4 d5 3. e5 Bf5 4. Nf3 e6 5. Be2 Bb4+ 6. c3 Ba5 7. Nbd2 Nd7 8. Nf1
f6 9. Ng3 Bg6 10. exf6 Ngxf6 11. O-O O-O 12. Re1 Bc7 13. Bd3 Bxd3 14. Qxd3 Re8
15. Bg5 h6 16. Bh4 Qe7 17. Nh5 Qf7 18. Nxf6+ gxf6 19. Bg3 e5 20. Nh4 Bd6 21. Qf5
Bf8 22. Re3 exd4 23. cxd4 Rxe3 24. fxe3 Re8 25. Qf3 Nb6 26. b3 Nc8 27. Nf5 Kh7
28. Rf1 Qe6 29. Qh5 Rd8 30. Bf4 Qe8 31. Qh3 Qg6 32. Nh4 Qh5 33. Bc7 Re8 34. Rxf6
Bg7 35. Rf5 Qe2 36. Be5 Ne7 37. Rf2 Qd3 38. Rf7 Qd1+ 39. Rf1 Qe2 40. Bxg7 Kxg7
41. Qg3+ Kh8 42. Qe5+ Kg8 43. Qe6+ Kh8 44. Qxh6+ 1-0

[Event "chess.com SpeedChess 2023"]
[Site "chess.com INT"]
[Date "2023.09.15"]
[Round "2.7"]
[White "Nihal, Sarin"]
[Black "Vachier-Lagrave, Maxime"]
[Result "1-0"]
[WhiteTitle "GM"]
[BlackTitle "GM"]
[WhiteElo "2694"]
[BlackElo "2727"]
[WhiteFideId "25092340"]
[BlackFideId "623539"]
[EventDate "2023.09.04"]
[EventType "k.o."]

1. d4 Nf6 2. Nf3 d5 3. c3 c6 4. Qc2 g6 5. Bf4 Bg7 6. e3 Bf5 7. Qb3 Qb6 8. c4
Nbd7 9. Nc3 O-O 10. h3 h5 11. Be2 Qxb3 12. axb3 a6 13. O-O Rfc8 14. Rfc1 Be6 15.
c5 Nf8 16. b4 N6d7 17. Nd2 Bf5 18. g4 hxg4 19. hxg4 Be6 20. Nb3 Nf6 21. f3 Bd7
22. Na5 Ra7 23. Kf2 Ne8 24. b5 axb5 25. Nxc6 bxc6 26. Rxa7 f6 27. Bxb5 cxb5 28.
Nxd5 Kf7 29. Nb6 1-0

[Event "chess.com SpeedChess 2023"]
[Site "chess.com INT"]
[Date "2023.09.15"]
[Round "2.8"]
[White "Vachier-Lagrave, Maxime"]
[Black "Nihal, Sarin"]
[Result "1-0"]
[WhiteTitle "GM"]
[BlackTitle "GM"]
[WhiteElo "2727"]
[BlackElo "2694"]
[WhiteFideId "623539"]
[BlackFideId "25092340"]
[EventDate "2023.09.04"]
[EventType "k.o."]

1. c4 e6 2. Nc3 d5 3. d4 c5 4. cxd5 exd5 5. Nf3 Nf6 6. Bg5 Be6 7. e3 c4 8. Be2
Nbd7 9. Ne5 Bb4 10. O-O O-O 11. f4 Bxc3 12. bxc3 Bf5 13. Bf3 Qa5 14. g4 Bd3 15.
Nxd3 cxd3 16. Qxd3 Rac8 17. Rfc1 Rfe8 18. Bh4 Ne4 19. Be1 Nb6 20. Rab1 Nc4 21.
Bxe4 Rxe4 22. Bf2 b6 23. Re1 Rce8 24. Re2 Qa4 25. h3 h5 26. gxh5 Qd7 27. Kh2 Qf5
28. Rg1 Rxf4 29. exf4 Qxd3 30. Rxe8+ Kh7 31. h6 g6 32. Re7 Nd6 33. Rxa7 Qxc3 34.
Rg2 Qf3 35. Rd7 Ne4 36. Rxf7+ Kxh6 37. Bh4 1-0

[Event "chess.com SpeedChess 2023"]
[Site "chess.com INT"]
[Date "2023.09.15"]
[Round "2.9"]
[White "Nihal, Sarin"]
[Black "Vachier-Lagrave, Maxime"]
[Result "0-1"]
[WhiteTitle "GM"]
[BlackTitle "GM"]
[WhiteElo "2694"]
[BlackElo "2727"]
[WhiteFideId "25092340"]
[BlackFideId "623539"]
[EventDate "2023.09.04"]
[EventType "k.o."]

1. d4 Nf6 2. Nf3 g6 3. Nc3 d5 4. Bf4 Bg7 5. Nb5 Na6 6. e3 O-O 7. h3 Ne4 8. c3 f6
9. Be2 c6 10. Na3 e5 11. Bh2 Nc7 12. O-O Qe7 13. Nc2 Nd6 14. b3 Bf5 15. c4 Rad8
16. Rc1 Ne4 17. Nce1 exd4 18. Nxd4 Bc8 19. Bxc7 Qxc7 20. cxd5 c5 21. Nb5 Qa5 22.
Qc2 f5 23. a4 Kh8 24. Nf3 a6 25. Na3 b5 26. Nb1 Rxd5 27. Rfd1 Be6 28. axb5 axb5
29. Nfd2 Nxd2 30. Rxd2 Rxd2 31. Nxd2 Qb4 32. Nf3 Rc8 33. Qd3 c4 34. bxc4 bxc4
35. Qd1 c3 36. Nd4 Bg8 37. Bf3 f4 38. Nc2 Qf8 39. exf4 Qxf4 40. Ne3 Rf8 41. Qd3
Qd4 42. Qxd4 Bxd4 43. Nc2 Bf6 44. Ne3 Rd8 45. Be2 Rd2 46. Bc4 Bd4 47. Bxg8 Kxg8
48. Nc4 Rxf2 49. Kh2 h5 50. Na3 h4 51. Nb5 Be3 52. Rxc3 Bf4+ 53. Kg1 Rb2 54. Nd4
Bg3 55. Rc8+ Kf7 56. Kf1 Rf2+ 57. Kg1 Rd2 58. Kf1 Rxd4 59. Ke2 Rf4 0-1

[Event "chess.com SpeedChess 2023"]
[Site "chess.com INT"]
[Date "2023.09.15"]
[Round "2.10"]
[White "Vachier-Lagrave, Maxime"]
[Black "Nihal, Sarin"]
[Result "1-0"]
[WhiteTitle "GM"]
[BlackTitle "GM"]
[WhiteElo "2727"]
[BlackElo "2694"]
[WhiteFideId "623539"]
[BlackFideId "25092340"]
[EventDate "2023.09.04"]
[EventType "k.o."]

1. e4 g6 2. d4 Bg7 3. Bc4 d6 4. Bb3 Nf6 5. Qe2 O-O 6. h3 b6 7. Nf3 Ba6 8. c4 c5
9. d5 e6 10. Nc3 exd5 11. exd5 Re8 12. Be3 Bh6 13. O-O Bxe3 14. fxe3 Nbd7 15.
Rae1 Qe7 16. Qf2 Kg7 17. e4 Ne5 18. Nxe5 Qxe5 19. Re3 Re7 20. Rf3 Nd7 21. Rxf7+
Kg8 22. Ba4 Rd8 23. Bxd7 Rdxd7 24. Rf8+ Kg7 25. Rg8+ 1-0

[Event "chess.com SpeedChess 2023"]
[Site "chess.com INT"]
[Date "2023.09.15"]
[Round "2.11"]
[White "Nihal, Sarin"]
[Black "Vachier-Lagrave, Maxime"]
[Result "1-0"]
[WhiteTitle "GM"]
[BlackTitle "GM"]
[WhiteElo "2694"]
[BlackElo "2727"]
[WhiteFideId "25092340"]
[BlackFideId "623539"]
[EventDate "2023.09.04"]
[EventType "k.o."]

1. d4 Nf6 2. Nf3 g6 3. Nc3 d5 4. Bf4 Bg7 5. Nb5 Na6 6. e3 O-O 7. h3 Ne4 8. c3 f6
9. Be2 c6 10. Na3 e5 11. Bh2 Nc7 12. O-O Qe7 13. Nb1 Rd8 14. Nbd2 Nd6 15. c4 Be6
16. dxe5 fxe5 17. Bxe5 Bxe5 18. Nxe5 dxc4 19. Nef3 b5 20. Qc1 Nd5 21. Nd4 Bd7
22. Bf3 Rac8 23. Rd1 Nb4 24. b3 c5 25. Ne2 Nd3 26. Qc2 Bf5 27. Ng3 Nxf2 28. Bd5+
Kf8 29. Qc3 Nf7 30. Nxf5 gxf5 31. Kxf2 Rxd5 32. bxc4 b4 33. Qc2 Rd6 34. Nf3 Rcd8
35. Rxd6 Nxd6 36. Kg1 Ne4 37. Rf1 Kg7 38. Qc1 Nc3 39. Qe1 Kh8 40. Qf2 Ne4 41.
Qb2+ Qg7 42. Qc2 Qg3 43. Qe2 Kg8 44. Rd1 Rxd1+ 45. Qxd1 Qd6 46. Qe1 Qf6 47. Qd1
Qd6 48. Qa4 1-0

[Event "chess.com SpeedChess 2023"]
[Site "chess.com INT"]
[Date "2023.09.15"]
[Round "2.12"]
[White "Vachier-Lagrave, Maxime"]
[Black "Nihal, Sarin"]
[Result "1-0"]
[WhiteTitle "GM"]
[BlackTitle "GM"]
[WhiteElo "2727"]
[BlackElo "2694"]
[WhiteFideId "623539"]
[BlackFideId "25092340"]
[EventDate "2023.09.04"]
[EventType "k.o."]

1. e4 g6 2. d4 Bg7 3. Nf3 d6 4. Bc4 Nf6 5. Qe2 O-O 6. h3 Nc6 7. c3 e5 8. dxe5
Nxe5 9. Nxe5 dxe5 10. O-O Qe7 11. Rd1 c6 12. Nd2 Rd8 13. Re1 b5 14. Bb3 Be6 15.
Nf3 h6 16. Qc2 a5 17. Bxe6 Qxe6 18. a4 Bf8 19. Be3 Rdb8 20. Red1 Rb7 21. Nd2 Kg7
22. axb5 cxb5 23. Nb3 a4 24. Nc5 Bxc5 25. Bxc5 Rc8 26. Bb4 Qc4 27. Bd6 Re8 28.
f3 Re6 29. Bb4 Nh5 30. Rd2 Nf4 31. Rad1 Rc7 32. Kh2 g5 33. g3 Ng6 34. Qd3 Qc6
35. Qe3 Re8 36. Rd6 Qc4 37. R1d2 Rc6 38. Rd7 Rf6 39. Kg2 Rg8 40. Qd3 Qb3 41.
Qxb5 h5 42. Qd5 h4 43. Qxb3 axb3 44. R2d6 Ra8 45. Rxf6 Kxf6 46. Rd6+ Kg7 47. Ba3
hxg3 48. Kxg3 Nf4 49. Kg4 Ne6 50. Rd5 Kg6 51. Rxe5 Rh8 52. Be7 Re8 53. Bd6 Rh8
54. Rb5 Rd8 55. Rb6 Rd7 56. e5 Ra7 57. Ba3 Rd7 58. Bd6 Ra7 59. h4 gxh4 60. f4
Kg7 61. f5 Nd8 62. Ba3 Ra4+ 63. Rb4 Ra6 64. Kxh4 Nc6 65. Rxb3 Nxe5 66. Rb5 Nc4
67. Bc5 Ra2 68. Bd4+ Kh6 69. b3 Nb2 70. Rb6+ Kh7 71. Rb8 f6 72. Bxf6 1-0

[Event "chess.com SpeedChess 2023"]
[Site "chess.com INT"]
[Date "2023.09.15"]
[Round "2.13"]
[White "Nihal, Sarin"]
[Black "Vachier-Lagrave, Maxime"]
[Result "1-0"]
[WhiteTitle "GM"]
[BlackTitle "GM"]
[WhiteElo "2694"]
[BlackElo "2727"]
[WhiteFideId "25092340"]
[BlackFideId "623539"]
[EventDate "2023.09.04"]
[EventType "k.o."]

1. d4 Nf6 2. Nf3 d5 3. c3 Bf5 4. Qb3 Qc8 5. c4 dxc4 6. Qxc4 e6 7. Nc3 a6 8. Bf4
b5 9. Qxc7 Qxc7 10. Bxc7 Nc6 11. e3 Rc8 12. Bg3 Nb4 13. Kd1 Be7 14. Be2 O-O 15.
Nh4 Bc2+ 16. Kd2 Rxc3 17. bxc3 Ne4+ 18. Ke1 Nxc3 19. a3 Nbd5 20. Kd2 Bb3 21.
Rhc1 b4 22. Bd3 f5 23. Nf3 bxa3 24. Ne5 Rc8 25. Bxa6 Rc7 26. Nd3 Ra7 27. Rxc3
Nxc3 28. Kxc3 Bd5 29. Bc4 1-0

[Event "chess.com SpeedChess 2023"]
[Site "chess.com INT"]
[Date "2023.09.15"]
[Round "2.14"]
[White "Vachier-Lagrave, Maxime"]
[Black "Nihal, Sarin"]
[Result "1-0"]
[WhiteTitle "GM"]
[BlackTitle "GM"]
[WhiteElo "2727"]
[BlackElo "2694"]
[WhiteFideId "623539"]
[BlackFideId "25092340"]
[EventDate "2023.09.04"]
[EventType "k.o."]

1. e4 e5 2. Nf3 Nc6 3. Bb5 Nge7 4. Nc3 Ng6 5. Nd5 Nd4 6. Bc4 c6 7. Ne3 b5 8. Bb3
a5 9. c3 Nxb3 10. axb3 Be7 11. h4 d5 12. exd5 cxd5 13. h5 Nf4 14. Nxe5 d4 15.
Qf3 dxe3 16. dxe3 Nxg2+ 17. Qxg2 Ra6 18. Qxg7 Rf8 19. e4 Bf6 20. Qg3 Re6 21. f4
Bb7 22. Be3 Bxe4 23. Rh2 Rd6 24. Bc5 Rd5 25. Bxf8 Kxf8 26. h6 Bf5 27. Kf1 Rd1+
28. Rxd1 Qxd1+ 29. Qe1 Qxb3 30. Rd2 b4 31. Qe3 bxc3 32. Qxc3 Qb5+ 33. Kg2 Qb7+
34. Kg3 Qh1 35. Nd7+ Bxd7 36. Qxf6 Qh3+ 37. Kf2 Qh2+ 38. Ke3 Qg3+ 39. Kd4 Qb3
40. Qd8+ Be8 41. Qd6+ Kg8 42. Rg2+ 1-0

[Event "chess.com SpeedChess 2023"]
[Site "chess.com INT"]
[Date "2023.09.15"]
[Round "2.15"]
[White "Nihal, Sarin"]
[Black "Vachier-Lagrave, Maxime"]
[Result "1-0"]
[WhiteTitle "GM"]
[BlackTitle "GM"]
[WhiteElo "2694"]
[BlackElo "2727"]
[WhiteFideId "25092340"]
[BlackFideId "623539"]
[EventDate "2023.09.04"]
[EventType "k.o."]

1. d4 Nf6 2. Nf3 d5 3. c3 g6 4. Bf4 Bg7 5. e3 O-O 6. Nbd2 a5 7. Be2 a4 8. O-O c6
9. c4 Bf5 10. h3 Qb6 11. Qc1 Nbd7 12. Ne5 Rfc8 13. c5 Qa5 14. g4 Be6 15. Qc3
Nxe5 16. Bxe5 Nd7 17. Bxg7 Kxg7 18. Rfc1 Qc7 19. b4 axb3 20. axb3 h5 21. Kg2
hxg4 22. hxg4 Nf6 23. f3 Rh8 24. Nf1 Rab8 25. b4 Rh7 26. Qe1 Rbh8 27. Qg3 Qc8
28. Ra7 Rh4 29. Rca1 Bxg4 30. fxg4 Nxg4 31. Ra8 Qf5 32. Rxh8 1-0